| 000 | 00543nam a2200157 a 4500 | ||
|---|---|---|---|
| 008 | 120416s1982 ||||||||||||||||| || u | ||
| 050 | _aHG 3815 Man | ||
| 100 | _aEnsor, Richard | ||
| 245 | 1 | 0 |
_aManagement of foreign exchange risk _cedited by Boris Antl |
| 250 | _a2nd ed | ||
| 260 |
_aLondon _bEuromoney _c1982 |
||
| 300 | _avii, 265p. : ill | ||
| 350 | _a0.00 | ||
| 700 | _aAntl, Boris | ||
| 995 |
_D0.00 _FCBU-MAIN LIBRARY (Kitwe) _H1 _I0.00 _M1 _ULOST _ZMain Library Open Access Collection |
||
| 999 |
_c49964 _d49964 |
||